Casting Film #3 Huit femmes - Statistiques

Statistiques générales
  • Ce quiz a été pris 53 fois
  • Le résultat moyen est 6 sur 9
Statistiques - réponses
Rôle Actrice % Correct
Gaby Catherine Deneuve
98%
Augustine Isabelle Huppert
87%
Pierrette Fanny Ardant
85%
Louise Emmanuel Béart
79%
Suzon Virginie Ledoyen
70%
Catherine Ludivine Sagnier
64%
Mamy Danielle Darrieux
60%
Madame Chanel Firmine Richard
57%
Elle-même en photo (posthume) Romy Schneider
32%
Aucun quiz correspondant
Distribution des résultats
% des personnes avec chaque résultat
Percentile par nombre de réponses
Votre historique - résultats
Vous n’avez pas pris ce quiz